[Event "DM 2023 Kort Paaske 1 Grp2"]
[Site "Svendborg"]
[Date "2023.04.03"]
[Round "5"]
[White "Silcowitz, Magnus"]
[Black "Rasmussen, Erik Elmer"]
[Result "0-1"]
[WhiteElo "1435"]
[BlackElo "1495"]
[PlyCount "118"]
[EventDate "2023.04.01"]
[EventType "swiss"]
[EventRounds "5"]
[EventCountry "DEN"]
[SourceTitle "Live v. Kasper Jerwiarz"]

1. d4 Nf6 2. c4 e6 3. Nc3 Bb4 4. Qc2 c5 5. a3 Qa5 6. Rb1 Bxc3+ 7. Qxc3 Qxc3+ 8.
bxc3 Nc6 9. Nf3 d6 10. Bf4 Ne4 11. Rc1 Na5 12. e3 f6 13. Bd3 e5 14. Bxe4 exf4
15. Bd5 fxe3 16. fxe3 Rb8 17. Rb1 b6 18. O-O Bb7 19. Nd2 Bxd5 20. cxd5 Kd7 21.
c4 cxd4 22. exd4 Rbc8 23. Rfc1 Rhe8 24. Kf2 Re7 25. Rc2 Ke8 26. Rbc1 Nb7 27.
Nb3 Rec7 28. a4 a5 29. g4 Nd8 30. c5 dxc5 31. dxc5 bxc5 32. Nxa5 Kd7 33. Nc4
Rb8 34. a5 Rb5 35. Ra1 Ra7 36. Rca2 Nb7 37. Nb6+ Kc7 38. Nc4 Ra6 39. h4 Nd6 40.
Nxd6 Kxd6 41. Kf3 Rb3+ 42. Ke4 Rb4+ 43. Kf5 Rd4 44. Rb2 Kxd5 45. Rb6 Rxb6 46.
axb6 Rb4 47. Ra7 g6+ 48. Kxf6 Rxb6+ 49. Kg5 c4 50. Kh6 c3 51. Ra1 Rb7 52. Rc1
Rc7 53. g5 c2 54. h5 gxh5 55. Kxh5 Kd4 56. Kh6 Kc3 57. Rh1 Kb2 58. Rg1 Rd7 59.
Rg2 Kb1 0-1

[Event "DM 2023 Kort Paaske 1 Grp2"]
[Site "Svendborg"]
[Date "2023.04.03"]
[Round "5"]
[White "Poulsen, Albert Damgaard"]
[Black "Ambirk, Jan"]
[Result "1/2-1/2"]
[WhiteElo "1312"]
[BlackElo "1656"]
[PlyCount "55"]
[EventDate "2023.04.01"]
[EventType "swiss"]
[EventRounds "5"]
[EventCountry "DEN"]
[SourceTitle "Live v. Kasper Jerwiarz"]

1. e4 e5 2. Nc3 Nf6 3. f4 d5 4. fxe5 Nxe4 5. Qf3 Nxc3 6. bxc3 Qh4+ 7. g3 Qe4+
8. Qxe4 dxe4 9. d4 exd3 10. cxd3 Bf5 11. Bg2 Nd7 12. d4 c6 13. Ne2 Nb6 14. O-O
Bd3 15. Re1 Na4 16. Nf4 Bf5 17. Bd2 Ba3 18. Bh3 Bxh3 19. Nxh3 Bb2 20. Rab1
O-O-O 21. Re3 c5 22. Rd3 cxd4 23. c4 Bc3 24. Ng5 Rd7 25. Bxc3 Nxc3 26. Rf1 Re8
27. Nxf7 Ree7 28. Nd6+ 1/2-1/2

[Event "DM 2023 Kort Paaske 1 Grp2"]
[Site "Svendborg"]
[Date "2023.04.03"]
[Round "5"]
[White "Rydland, Filip Jaramaz"]
[Black "Rynkjob, Bastian"]
[Result "0-1"]
[WhiteElo "1000"]
[BlackElo "1338"]
[PlyCount "90"]
[EventDate "2023.04.01"]
[EventType "swiss"]
[EventRounds "5"]
[EventCountry "DEN"]
[SourceTitle "Live v. Kasper Jerwiarz"]

1. e4 c6 2. d4 d5 3. e5 c5 4. Nf3 Bg4 5. Be3 b6 6. Bb5+ Bd7 7. Bxd7+ Nxd7 8. c3
e6 9. O-O Ne7 10. Qa4 Nf5 11. Nbd2 a6 12. dxc5 Nxe3 13. fxe3 Bxc5 14. Nd4 b5
15. Qd1 Nxe5 16. Qh5 Qd6 17. b4 Bb6 18. N2b3 g6 19. Qh6 Ng4 20. Qf4 Qxf4 21.
Rxf4 Nxe3 22. Kh1 e5 23. Rf6 Bd8 24. Rf3 exd4 25. Nxd4 Nc4 26. Re1+ Kf8 27.
Ne6+ Kg8 28. Nc5 Kg7 29. Re2 Bg5 30. g3 Rhe8 31. Ref2 Ne5 32. Kg2 Nxf3 33. Rxf3
Re2+ 34. Kh3 h5 35. Rd3 Be7 36. Nb7 g5 37. g4 hxg4+ 38. Kxg4 Rxh2 39. Rxd5 Rxa2
40. Rd3 Rh8 41. Kf5 Rh4 42. Rd7 Re2 43. Rxe7 Rxe7 44. Nc5 f6 45. Nxa6 Re5# 0-1

[Event "DM 2023 Kort Paaske 1 Grp2"]
[Site "Svendborg"]
[Date "2023.04.03"]
[Round "5"]
[White "Andersen, Sten Bo"]
[Black "Rasmussen, Per"]
[Result "0-1"]
[WhiteElo "1387"]
[BlackElo "1195"]
[PlyCount "76"]
[EventDate "2023.04.01"]
[EventType "swiss"]
[EventRounds "5"]
[EventCountry "DEN"]
[SourceTitle "Live v. Kasper Jerwiarz"]

1. c4 d5 2. cxd5 Nf6 3. Nc3 Nxd5 4. Nxd5 Qxd5 5. Nf3 g6 6. g3 Bg7 7. Bg2 Qb5 8.
Rb1 Nc6 9. O-O Bf5 10. d3 O-O 11. a4 Qc5 12. Be3 Qb4 13. Bd2 Qb6 14. e4 Be6 15.
Be3 Bb3 16. Bxb6 Bxd1 17. Rfxd1 axb6 18. b3 Rfd8 19. h4 Bd4 20. Nxd4 Nxd4 21.
Rd2 Ra5 22. f4 Rc5 23. Kf2 Rc3 24. Rbb2 Nxb3 25. Rd1 Nc5 26. Rbd2 Nxa4 27. e5
c6 28. Be4 Rb3 29. d4 Nc3 30. Re1 e6 31. Bc2 Rb2 32. g4 b5 33. f5 b4 34. Ke3
Nd5+ 35. Ke4 b3 36. Rc1 Nb4 37. Rb1 bxc2 38. Rxc2 Rxb1 0-1